| 000 | 01342cam a2200265 4500 | ||
|---|---|---|---|
| 001 | WB3931-21 | ||
| 008 | 030819n2003 000 0 eng u | ||
| 035 | _a(Sirsi) u123296 | ||
| 245 | _aSellers regaining upper hand | ||
| 260 | _c2003 | ||
| 490 |
_aRICS Press Release _v(pr082) |
||
| 520 | _aThe latest "RICS housing market survey England and Wales " for the three months to July 2003 shows stagnation in the number of houses coming on to the market, more buyer enquiries and increased competition for properties, coupled with improved market confidence. In July, only 2% more surveyors reported a rise in new instructions than a fall, unsold property stocks fell for the first time since last November and 11% more surveyors reported a rise in buyer enquiries than a fall. For the next three months, 32% more surveyors expect sales to rise than fall. | ||
| 590 | _aWB | ||
| 650 | _aRICS SURVEYS | ||
| 650 | _aMARKET SURVEYS | ||
| 650 | _aRICS HOUSING MARKET SURVEY ENGLAND AND WALES | ||
| 650 | _aHOUSE PRICES | ||
| 650 |
_aRESIDENTIAL PROPERTY _96266 |
||
| 650 |
_aSales _96269 |
||
| 650 | _aBUYERS | ||
| 650 | _aHOUSING MARKET FORECASTS | ||
| 690 | _aPROPERTY-RESIDENTIAL PROPERTY-RESIDENTIAL PROPERTY MARKET | ||
| 856 |
_uhttps://www.rics.org/RICSWEB/getpage.aspx?p=HSWM7sycs0-wAGJycOVT3g _zView article |
||
| 942 | _n0 | ||
| 999 |
_c73239 _d73239 |
||